000 01229nam a22003017i 4500
003 EG-GICUC
005 20260121101430.0
008 251204s1957 ua ||||fr|||| 00| 0 ara d
040 _a EG-GICUC
_bara
_c EG-GICUC
_d EG-GICUC
_erda
041 0 _aara
082 0 4 _221
_a345.32
_bم ص . و
092 0 4 _221
099 _aLaw1 07 345.32 م ص . و 1 ed - 1957
100 0 _aمصطفى أبو زيد فهمي
_eمؤلف.
245 1 2 _aالوجيز في القانون الإداري.
_nالجزء الأول،
_pنظرية المرافق العامة /
_cالدكتور مصطفى أبو زيد فهمي.
264 1 _aالقاهرة:
_bمؤسسة المطبوعات الحديثة،
_c1957.
300 _a932 ؛صفحة
_c24 سم.
336 _2rda content
_atext
337 _2rda media
_aComputer
338 _2rda carrier
_aOnline Resource
504 _aيشتمل على إرجاعات ببليوجرافية.
546 _aالنص أغلبه باللغة العربية مع بعض النصوص الفرنسية
650 1 4 _aالمرافق العامة
650 1 4 _aالقانون الإداري
856 4 0 _uhttps://fll.law.cu.edu.eg/fulltext/bks/B07-01337.pdf
905 _a32
_eYara
942 _2ddc
_cBK
_e21
_n0
999 _c48369
_d48369